| 000 | 00474nam a2200157Ia 4500 | ||
|---|---|---|---|
| 008 | 230917s9999||||xx |||||||||||||| ||und|| | ||
| 020 | _cPON7.5 | ||
| 040 |
_e13278 _aMAIN |
||
| 041 | _aEnglish | ||
| 082 | _a519.5 G346P | ||
| 100 | _aGhosh, A | ||
| 245 | 0 | _aPorgramming and interegional input output analysis: An application to the problem of industrial location in India | |
| 260 |
_aCambridge _bCambridge University Press _c1973 |
||
| 300 | _avii,104 p. | ||
| 942 | _cBK | ||
| 999 |
_c200895 _d200895 |
||